Statistics for Demon Slayer Characters

Click here to take the quiz!

General Stats

  • This quiz has been taken 64 times
  • The average score is 39 of 91

Answer Stats

HintAnswer% Correct
Demon SlayersTanjiro Kamado
94%
Kamado FamilyNezuko Kamado
92%
HashiraShinobu Kocho
92%
HashiraTengen Uzui
88%
Demon SlayersZenitsu Agatsuma
88%
HashiraMitsuri Kanroji
85%
HashiraGiyu Tomioka
83%
Demon SlayersInosuke Hashibira
81%
Upper RanksAkaza
79%
DemonsMuzan Kibutsuji
79%
HashiraObanai Iguro
79%
HashiraSanemi Shinazugawa
79%
HashiraGyomei Himejima
77%
HashiraMuichiro Tokito
77%
DescendantsTojuro Rengoku
77%
HashiraKanae Kocho
71%
Upper RanksDoma
69%
Demon SlayersKanao Tsuyuri
69%
Upper RanksKokushibo
69%
Demon SlayersGenya Shinazugawa
67%
Upper RanksDaki
63%
Upper RanksHantengu
63%
HashiraSakonji Urokodaki
63%
Butterfly MansionAoi Kanzaki
60%
Lower RanksEnmu
58%
Ubuyashiki FamilyKagaya Ubuyashiki
56%
Upper RanksGyokko
54%
Upper RanksGyutaro
54%
Lower RanksRui
54%
DemonsTamayo
52%
Upper RanksNakime
50%
Tokito FamilyYuichiro Tokito
50%
Upper RanksKaigaku
46%
DescendantsTenma Uzui
46%
HashiraKyojuro Rengoku
44%
Entertainment
District Arc
Makio
44%
Rengoku FamilySenjuro Rengoku
44%
HashiraShinjuro Rengoku
44%
Kamado FamilyTanjuro Kamado
44%
Swordsmith
Village Arc
Hotaru Haganezuka
42%
Kamado FamilyKie Kamado
42%
Entertainment
District Arc
Suma
42%
Demon SlayersYoriichi Tsugikuni
42%
DemonsYushiro
42%
Ubuyashiki FamilyAmane Ubuyashiki
40%
HashiraJigoro Kuwajima
40%
DemonsSusamaru
40%
DemonsHand Demon
38%
Entertainment
District Arc
Hinatsuru
38%
Demon SlayersMurata
38%
DescendantsKanata Kamado
35%
Lower RanksKyogai
35%
Butterfly MansionNaho Takada
35%
Swordsmith
Village Arc
Kotetsu
33%
Butterfly MansionSumi Nakahara
33%
Kamado FamilyRokuta Kamado
31%
Ubuyashiki FamilyKiriya Ubuyashiki
29%
Butterfly MansionKiyo Terauchi
29%
Rengoku FamilyRuka Rengoku
29%
Final Selection
Arc
Sabito
29%
DemonsSpider Demons
29%
DemonsYahaba
29%
Obanai Iguro's
snake
Kaburamaru
27%
Final Selection
Arc
Makomo
27%
DescendantsSumihiko Kamado
27%
DemonsSwamp Demon
27%
Kamado FamilyHanako Kamado
25%
Ubuyashiki FamilyHinaki Ubuyashiki
25%
DemonsTemple Demon
25%
Ubuyashiki FamilyKanata Ubuyashiki
23%
Lower RanksRokuro
23%
Kamado FamilyShigeru Kamado
23%
DemonsTongue Demon
23%
DescendantsGiichi Tomioka
21%
Lower RanksMukago
21%
Lower RanksWakuraba
21%
DemonsChachamaru
19%
Ubuyashiki FamilyNichika Ubuyashiki
19%
Kamado FamilyTakeo Kamado
19%
DemonsHorned Demon
17%
Lower RanksKamanue
17%
Ubuyashiki FamilyKuina Ubuyashiki
17%
DescendantsAoba Hashibira
15%
DescendantsSanehiro Shinazugawa
15%
DemonsSerpent Demon
15%
Swordsmith
Village Arc
Kozo Kanamori
13%
Swordsmith
Village Arc
Tecchin Tecchikawahara
10%
Swordsmith
Village Arc
Tetsuido
8%
DescendantsToko Agatsuma
8%
DescendantsYoshiteru Agatsuma
8%
Entertainment
District Arc
Koinatsu
6%

Score Distribution

Percentile by Number Answered

Percent of People with Each Score

Your Score History

You have not taken this quiz